Tennisti con più partite vinte Outdoor - Statistics

Statistiche generali
  • Questo quiz è stato fatto 7 volte
  • Il punteggio medio è 6 su 9
Statistiche sulle risposte
Nazione Numero vittorie outdoot Tennista % Corretto
Serbia 890 Novak Djokovic
100%
Spagna 973 Rafael Nadal
100%
Svizzera 953 Roger Federer
83%
Stati Uniti 702 Andre Agassi
67%
Spagna 628 David Ferrer
67%
Cecoslovacchia / Stati Uniti 727 Ivan Lendl
67%
Stati Uniti 787 Jimmy Connors
50%
Argentina 814 Guillermo Vilas
17%
Spagna 638 Manuel Orantes
0%
Nessun quiz corrispondente trovato
Distribuzione punteggi
Percentuale di utenti per punteggio
Percentile per numero di risposta
I tuoi punteggi nel tempo
Non hai fatto questo quiz